000 00700cab a22001935a 4500
001 L156311
008 120514e2012 xxk 000 0 eng d
035 _a(Sirsi) u156311
041 0 _aeng
110 2 _aProperty Week
_91549
245 0 0 _aCBRE regains top spot from Jones Lang LaSalle
260 _c2012
490 0 _aProperty Week
_v78(18) 4 May 2012, 38-39(2)
520 _aPropertyData investment league tables for Q1 2012 show London offices as the only healthy centre of activity. Provides top 20 Q1 2012 league tables for all property, offices, retail, industrial, and London offices.
590 _aKA
651 4 _aUnited Kingdom
690 _aCommercial property
_96227
942 _n0
999 _c83985
_d83985